000 00625nam a2200241Ia 4500
001 41712
005 20240114003435.0
007 ta
008 080428s1982 g b000 u 465 u
040 _aCotton College,Assam
041 _a465
082 _a301
_bSh 11 Fu
100 _aShakhnazarov, Georgi .
245 0 _aFuturology Fiasco /
_cGeorgi Shakhnazarov.
_hTextual Documents
250 _a1st ed. /
260 _aMoscow :
_bProgress Publishers ,
_c1982.
300 _a229p. ;
_c22cm.
653 _aSociology
653 _aFuturology
942 _2ddc
_cBK
999 _c41679
_d41679